Deutsche Meister: Sudden death - Statistiken

Allgemein
  • Dieses Quiz wurde 662 mal gespielt
    325 seit der letzten Aktualisierung
  • Das Durchschnittsergebnis liegt bei 9 aus 12
Answers on the Grid
Answers color-coded by a green-red scale on the quiz's grid according to % correct below.
1.Fc Kaiserslautern
Fc Bayern München
Sc Freiburg
1.Fc Union Berlin
Borussia Dortmund
Eintracht Frankfurt
Tsv 1860 München
Fc Schalke 04
Karlsruher Sc
1.Fc Nürnberg
Rb Leipzig
Borussia Mönchengladbach
VfB Stuttgart
1.Fc Köln
Fsv Mainz
1.Fc Saarbrücken
Hamburger sv
Fc Augsburg
Holstein Kiel
Rot-Weiss Essen
 
Antwortstatistiken
Antwort % Korrekt
Fc Bayern München
96%
Borussia Dortmund
89%
1.Fc Kaiserslautern
86%
VfB Stuttgart
80%
Hamburger sv
77%
1.Fc Nürnberg
73%
Borussia Mönchengladbach
73%
Fc Schalke 04
73%
1.Fc Köln
72%
Eintracht Frankfurt
68%
Tsv 1860 München
61%
Rot-Weiss Essen
34%
Keine übereinstimmenden Quizze gefunden
Verteilung der Resultate
Anzahl Personen mit jedem Resultat
Perzentil nach korrekt beantworteten Fragen
Ihre Resultats-Entwicklung
Sie haben dieses Quiz seit der letzten Aktualisierung nicht gespielt